| 000 | 00879nam a2200301Ia 4500 | ||
|---|---|---|---|
| 008 | 160803s9999 xx 000 0 und d | ||
| 020 | _a9780439365529 | ||
| 100 | _aSnicket, Lemony | ||
| 245 | 4 | _aThe austere academy / | |
| 245 | _cby Lemony Snicket ; illustrations by Brett Helquist. | ||
| 260 | _aNew York : | ||
| 260 | _bScholastic Inc. | ||
| 260 | _c2000 | ||
| 300 | _a221 pages : | ||
| 300 | _billustrations ; | ||
| 300 | _c19 cm. | ||
| 500 | _a"This edition is only available for distribution through the school market"--Page 4 of cover. | ||
| 650 | _aBoarding schools -- | ||
| 650 | _aBrothers and sisters -- | ||
| 650 | _aHumorous stories. | ||
| 650 | _aOrphans -- | ||
| 650 | _aSchools -- | ||
| 650 | _xJuvenile fiction. | ||
| 650 | _xJuvenile fiction. | ||
| 650 | _xJuvenile fiction. | ||
| 650 | _xJuvenile fiction. | ||
| 700 | _a1120 | ||
| 999 |
_c298512 _d298512 |
||